00883 2200301 4500001002100000005001500021035002000036007000300056008004100059020001900100082001200119084001400131084001600145100002900161245009100190250001200281300003900293700002200332700003600354600001800390600002100408264005200429336002100481337003000502338002300532990001300555990001300568INLIS00000000112195420260122090241 a0010-0126000053ta260122 0 ind  a'9786342491294 a297.125 aSPAI 4210 aD SPAI 42100 aZainal ArifinePengarang1 aHadis Tarbawi :b1-9 / SPAI4210 / 3 SKS /cZainal Arifin, Sumedi, Muhammad Aufal Minan aEdisi 1 a483 halaman :billustrasi ;c27 cm0 aSumediePengarang0 aMuhammad Aufal MinanePengarang 4aHadis Tarbawi 4aTarbawi`s Hadith aTangerang Selatan :bUniversitas Terbuka,c2025 2rdacontentaTeks 2rdamediaaTanpa Perantara 2rdacarrieraVolume a26/90021 a26/30021